000 00788nam a2200253 a 4500
001 BRCA_5416
005 20190320205052.0
008 101210s1947----gw-a######---#000-0#ger-#
041 _ager
044 _agw
050 4 _aND673
_b.W85 1947
100 1 _aWülfingen, O. Bock von
_913838
245 1 0 _aRubens in der deutschen Kunst betrachtung
_cO. Bock von Wülfingen.
260 _aBerlín
_bGebr. Mann
_c1947
300 _a136 p.
_bil., 16 láminas
_c1947
500 _aIncluye índice de ilustraciones e índice alfabético
500 _aIncluye referencias bibliográficas
500 _aEstado físico: Encuadernación deteriorada
500 _aE138
600 1 4 _aRubens, Peter Paul
_d1577-1640
_95125
650 1 4 _aPintores flamencos
_97571
902 _aGFM
942 _2lcc
_cB
999 _c5110
_d5110